| 000 | 00804 a2200181 4500 | ||
|---|---|---|---|
| 003 | Nust | ||
| 005 | 20230602164855.0 | ||
| 020 | _a0132841266 | ||
| 040 | _cNust | ||
| 082 | _a005.72,SWE | ||
| 100 |
_aSweeney,Peter _995066 |
||
| 245 |
_aError control coding _ban introduction / _cSweeney,Peter |
||
| 260 |
_aUK _bprentice hall _c1991 |
||
| 300 | _a199p | ||
| 505 | _aPrinciples of coding (Page-1), Linear block codes (Page-23), Cyclic codes (Page-46), Block codes based on finite field arithmetic (Page-70), Convolutional codes (Page-110), Coding for bursty channels (Page- 133), Concatenated codes (Page-150), Coding for bandwidth limited channels (Page-159), Error detection methods (Page-169), Selection of a coding scheme (Page-185). | ||
| 650 |
_aerror control coding _974011 |
||
| 942 |
_2ddc _cBK |
||
| 999 |
_c212444 _d212444 |
||